Datum a čas kvízu
20
Celkem bodů
Celkový počet nahraných bodů na tomto kvízu bez doplňovacích otázek.
7.
Pořadí na kvízu
Konečné umístění týmu na tomto kvízu.
Zaznamenané odpovědi
| # | Otázka | Odpověď | Body | Výsledky |
|---|---|---|---|---|
| 1. | Bývalá pražská primátorka Adri... | C) detektivní román | 0 | |
| 2. | Princ Harry a jeho manželka Me... | megxit | 1 | |
| 3. | Minulý týden byla zapsána na s... | vamberecká (krajka) | 0 | |
| 4. | Skupina Kofola oznámila po krá... | (F. H.) Prager | 0 | |
| 5. | Pekka Rinne se stal dvanáctým... | Nashville Predators | 0 | |
| 6. | Rožnovský tým Kačeři vyhrál mo... | Dave Gahan | 1 | |
| 7. | Která skladba "Depešáků" je ne... | Enjoy the Silence | 0 | |
| 8. | Podle čeho si tato kapela vybr... | B) podle časopisu | 1 | |
| 9. | Gary Numan, Ultravox, Devo...... | synthpop | 0 | |
| 10. | Depešáci ovlivnili řadu hudebn... | Shalom | 1 |